| 000 | 00552nam a2200193 a 4500 | ||
|---|---|---|---|
| 005 | 20140412111234.0 | ||
| 008 | 000829s19uu xx 00 eng d | ||
| 020 | _a0-7496-1031-X | ||
| 050 |
_aREF 030 _bFi44Sp 1993 |
||
| 100 | _aSims, Lesley | ||
| 245 |
_aFirst starts space : _cLesley Sims. _bthe sun and stars / |
||
| 260 |
_aLondon : _bWatts Books, _c1993. |
||
| 300 | _a32 p. | ||
| 440 | _aFirst Starts Space | ||
| 500 | _aIncludes index | ||
| 650 |
_aSciences _xJuvenile literature |
||
| 650 |
_aSpace _xJuvenile literature |
||
| 999 |
_c102327 _d102327 |
||